A Book of Modern European Hostory/ (Record no. 159069)
[ view plain ]
| 000 -LEADER | |
|---|---|
| fixed length control field | 00800nam a22002177a 4500 |
| 010 ## - LCCN (DPL NO) | |
| LC control number | B-120455 |
| 020 ## - INTERNATIONAL STANDARD BOOK NUMBER | |
| International Standard Book Number | 8181500121 |
| Terms of availability | 300.00 |
| 035 ## - SYSTEM CONTROL NUMBER | |
| System control number | B-120455 |
| 035 ## - SYSTEM CONTROL NUMBER | |
| System control number | B-120455 |
| 037 ## - SOURCE OF ACQUISITION | |
| Stock number | DBAD/ PUB |
| Source of stock number/acquisition | aravali Books International Pvt.Ltd |
| 082 ## - DEWEY DECIMAL CLASSIFICATION NUMBER | |
| Edition number | 2004 |
| Classification number | 940 |
| Item number | 1 |
| 100 ## - MAIN ENTRY--PERSONAL NAME | |
| Personal name | Southgate,George W. |
| 245 ## - TITLE STATEMENT | |
| Title | A Book of Modern European Hostory/ |
| Statement of responsibility, etc | Southgate,George W./ |
| Medium | English |
| 246 ## - VARYING FORM OF TITLE | |
| Title proper/short title | ए बुक ऑफ़ मॉडर्न यूरोपियन हिस्ट्री |
| 250 ## - EDITION STATEMENT | |
| Edition statement | 2004 |
| 260 ## - PUBLICATION, DISTRIBUTION, ETC. (IMPRINT) | |
| Place of publication, distribution, etc | New Delhi |
| Name of publisher, distributor, etc | Aravali Books International Pvt Ltd |
| Date of publication, distribution, etc | 2004 |
| 270 ## - ADDRESS | |
| Address | W-30 Okhla Ind. Eria Phase-2 New Delhi-110020 |
| 300 ## - PHYSICAL DESCRIPTION | |
| Extent | 390 P |
| Other physical details | With Immage |
| Dimensions | 21 Cm |
| 700 ## - ADDED ENTRY--PERSONAL NAME | |
| Personal name | Southgate,George W. |
| 942 ## - ADDED ENTRY ELEMENTS (KOHA) | |
| Source of classification or shelving scheme | Dewey Decimal Classification |
| Item type | English Books |
| Edition | 2004 |
| Classification part | 940 |
| Call number prefix | SOU |
| Call number suffix | Southgate,George W. |
| Withdrawn status | Lost status | Not for loan | Collection code | Home library | Current library | Date acquired | Source of acquisition | Cost, normal purchase price | Full call number | Barcode | Cost, replacement price | Koha item type |
|---|---|---|---|---|---|---|---|---|---|---|---|---|
| Non-fiction | Sarojini Nagar | Sarojini Nagar | 29/11/2018 | Aravali Books International Pvt,Ltd | 300.00 | 940 Southgate,George W. | B-120455 | 300.00 | English Books | |||
| Non-fiction | Sarojini Nagar | Sarojini Nagar | 24/05/2019 | 940 Southgate,George W. | B-120451 | English Books |
